| 000 | 00812nam a2200265Ia 4500 | ||
|---|---|---|---|
| 003 | OSt | ||
| 005 | 20221005081906.0 | ||
| 006 | a|||||r|||| 00| 0 | ||
| 007 | ta | ||
| 008 | 221004b |||||||| |||| 00| 0 eng d | ||
| 020 |
_a8178293161 _c550 |
||
| 024 | _a82601 | ||
| 037 |
_b13742, 30/03/2005, Govinda Book House _cTextual |
||
| 040 |
_aCRL _cCRL _beng |
||
| 041 |
_2eng _aeng |
||
| 082 | _aY592:4.275, P4 | ||
| 100 | _aBandyopadhyay Sekhar | ||
| 245 | 0 |
_aCaste, culture and hegemony _b Social dominance in colonial Bengal |
|
| 260 |
_aNew Delhi _bSage Publications India _c2004 |
||
| 300 |
_a252p. _ccm. |
||
| 650 | _a SOCIOLOGY | ||
| 650 | _aCASTE | ||
| 942 |
_hY592:4.275, P4 _cTEXL _2cc |
||
| 999 |
_c988419 _d988419 |
||